| 000 | 00744nam a2200229 a 4500 | ||
|---|---|---|---|
| 001 | 000048386 | ||
| 003 | DO-SdBNP | ||
| 005 | 20240305140748.0 | ||
| 007 | ta | ||
| 008 | 190219s2000 dr r 000 0 spa d | ||
| 040 |
_aDO-SdBNP _bspa _cBNPHU |
||
| 082 |
_a338.173 _bR426m |
||
| 100 | 1 |
_a Rosa y Carpio, Ramón Benito de la, _d1939- _974159 |
|
| 110 |
_aRepública Dominicana. _bSecretaria de Estado de Agricultura. Comisión del Café-Departamento de Café _982156 |
||
| 245 | 1 | _aManual del caficultor dominicano | |
| 260 |
_aSanto Domingo : _bAlfa y Omega _c2000 |
||
| 300 |
_a363 p. : _c24 cm. _bil. ; |
||
| 590 | _aInventariado, 2022 / DG | ||
| 650 | 4 |
_aCafé _xComercio _zRepública Dominicana _936951 |
|
| 910 | _aDG | ||
| 942 |
_2ddc _cLBS1 |
||
| 999 |
_c52266 _d52266 |
||